1831 1174 1548 1380 1627 1520 1294 1043 1619 1011 1493 1644 1274 1925 1579 1395 1485 1157 1211 1109 1457 1233 1522 1045 1219 1880 1876 1759 1251 1460 1177 1239 1426 1696 1935 1476 1435 1142 1986 1099 1245 1918 1502 1272 1360 1584 1588 1200 1219 1651 1702 1544 1836 1093 1875 1025 1171 1242 1619 1428 1246 1516 1834 1847 1612 1206 1624 1449 1437 1280 1736 1433 1248 1581 1188 1846 1020 1268 1077 1908 1613 1001 1865 1696 1993 1615 1282 1636 1722 1398 1225 1344 1606 1100 1727 1371 1122 1576 1823 BCNSPRNW ULIB Ver.6.0+V

เปลี่ยนเป็นภาษาไทย

Change to English
 แสดงรายละเอียดบรรณานุกรม
  กลับหน้าหลัก

Brief Record : Get Marc (ISO 2709) : E-mail record : QR code < ปิดหน้าต่าง
LEADER : 00000nam 2200000uu 4500
001    13399127117
003     ULIB
008    191016s2019||||th 000 0 tha d
020    ^a9781438011790 (pbk.)
050  4 ^aPE1128^bL887B
100 1  ^aLougheed, Lin,^d1946
245 10 ^aBarron s IELTS :^binternational English Language TestingSystem /^cLin Lougheed
246 30 ^aIELTS :^bInternational English Language Testing System
246 30 ^aInternational English Language Testing System
250    ^a5th ed.
260    ^aHauppauge, N.Y. :^bKaplan/Barron s Educational Series,^c2019
300    ^avi, 529 p. :^bill. ;^c28 cm.
505 0  ^aIntroduction -- Preparing for IELTS -- Listening module --Reading module -- Wriiting module -- Speaking module --IELTS model tests -- Audioscripts
650  0 ^aInternational English Language Testing System^vStudyguides
650  0 ^aEnglish language^vTextbooks for foreign speakers
650  0 ^aEnglish language^xExaminations^vStudy guides
653    ^aIELTS
945    ^p600^l0^i006306
999    ^aประนอม เกษจรัล
รายการนี้ยังไม่มีแท็ก
คุณยังไม่ได้ล็อกอิน คุณสามารถมีกิจกรรมร่วมกับเว็บไซต์ได้ แต่ต้องล็อกอินก่อน ::
  ล็อกอิน

รายการสื่อสารสนเทศ

ลำดับที่ ประเภท เลขเรียก/บาร์โค้ด สถานที่ สถานะ
1. การศึกษาทั่วไป
การศึกษาทั่วไป
PE1128 L887B ฉ.1 
  Barcode: 006306
ห้องสมุดวิทยาเขตสวรรค์ประชารักษ์
►หนังสือทั่วไป
บนชั้น

BibComment


ยังไม่เคยถูกคอมเมนท์

คอมเมนท์ทรัพยากรรายการนี้
  คอมเมนท์: Barron s IELTS ..


 Copyright 2026. Bcnsprnw @Library